Compendio de Historia de España (Record no. 154468)

MARC details
000 -LEADER
campo de control de longitud fija 01044nam a22002055i 4500
001 - NÚMERO DE CONTROL
campo de control 154468
003 - IDENTIFICADOR DE NÚMERO DE CONTROL
campo de control ES-MaACL
005 - FECHA Y HORA DE LA ÚLTIMA TRANSACCIÓN
campo de control 20230906205737.0
008 - DATOS DE LONGITUD FIJA--INFORMACIÓN GENERAL
campo de control de longitud fija 970828s1868 sp |||| | spa d
040 ## - FUENTE DE CATALOGACIÓN
Centro catalogador/agencia de origen AR
Lengua de catalogación spa
Centro/agencia transcriptor AR
100 1# - ENTRADA PRINCIPAL--NOMBRE DE PERSONA
Nombre de persona Gómez Ranera, Alejandro.
9 (RLIN) 127702
245 10 - MENCIÓN DEL TÍTULO
Título Compendio de Historia de España
Resto del título : desde su origen hasta el Reinado de Doña Isabel II y año de 1862 /
Mención de responsabilidad, etc. extractado de las obras más acreditadas de autores nacionales y extranjeros ... por Alejandro Gomez Ranera.
250 ## - MENCION DE EDICION
Mención de edición 8ª ed. con adiciones por su mismo autor.
260 ## - PUBLICACIÓN, DISTRIBUCIÓN, ETC.
Lugar de publicación, distribución, etc. Madrid :
Nombre del editor, distribuidor, etc. Alejandro Gomez Fuentenebro :
-- Hernando [etc.] [distribuidor],
Fecha de publicación, distribución, etc. 1868.
300 ## - DESCRIPCIÓN FÍSICA
Extensión 468, 158 p., [1] h. de map. pleg. ;
Dimensiones 22 cm.
505 8# - NOTA DE CONTENIDO CON FORMATO
Nota de contenido con formato Elementos de Geografía política, estadística y administrativa de España: p. 1-158
594 #1 - Nota al título y mención de responsabilidad
Nota al título y mención de responsabilidad Obra señalada de texto para la segunda enseñanza en los Institutos y Seminarios Conciliares.
651 #4 - PUNTO DE ACCESO ADICIONAL DE MATERIA--NOMBRE GEOGRÁFICO
Nombre geográfico España-
Subdivisión general Historia.
9 (RLIN) 8209
852 ## - LOCALIZACIÓN
Ubicación ES-MaACL
Número de control de estantería D-1715
Nota libre -- Enc. hol.
condición física -- Sólo la segunda secuencia
Holdings
Estatus retirado Estado de pérdida Estado de daño No para préstamo Colección Biblioteca de origen Biblioteca actual Ubicación en estantería Fecha de adquisición Fuente de adquisición Total de préstamos Signatura topográfica completa Código de barras Visto por última vez Precio de reemplazo Tipo de ítem Koha
        Libros del s. XIX Biblioteca del Ateneo de Madrid Biblioteca del Ateneo de Madrid Sala Valle Inclán 17/01/2008     D-1715 901161542 23/02/2023 23/02/2023 Libro impreso antiguo